000 00696 a2200205 4500
003 Nust
005 20170207153150.0
010 _a 83062280
020 _a0878915516 (pbk.)
040 _cNust
082 0 0 _a621.31042
245 0 4 _aThe Electrical machines problem solver /
_cstaff of Research and Education Association ; M. Fogiel, director.
260 _aNew York, NY :
_bREA,
_cc1983.
300 _axii, 786 p. :
_bill. ;
_c26 cm.
500 _aIncludes index.
650 0 _aElectric machinery
_xProblems, exercises, etc.
700 1 _aFogiel, M.
710 2 _aResearch and Education Association.
856 4 2 _3Publisher description
_uhttp://www.loc.gov/catdir/enhancements/fy0609/83062280-d.html
942 _2ddc
_cBK
999 _c180480
_d180480